Normal view
MARC view
- Morton, Richard F.,
Entry Personal Name
001 - CONTROL NUMBER
- control field: 1857
003 - CONTROL NUMBER IDENTIFIER
- control field: NUST
005 - DATE AND TIME OF LATEST TRANSACTION
- control field: 20170601160807.0
008 - FIXED-LENGTH DATA ELEMENTS
- fixed length control field: 170601|| aca||aabn | a|a d
040 ## - CATALOGING SOURCE
- Original cataloging agency: NUST
- Transcribing agency: NUST
100 ## - HEADING--PERSONAL NAME
- Personal name: Morton, Richard F.,
- Dates associated with a name: 1924-
670 ## - SOURCE DATA FOUND
- Source citation: Work cat.: (NUST)0: Morton, Richard F., 1924-, A study guide to epidemiology and biostatistics /, 1990.
